| 000 | 00575nam a22002057a 4500 | ||
|---|---|---|---|
| 003 | OSt | ||
| 005 | 20140310182922.0 | ||
| 008 | 130129t xxu||||| |||| 00| 0 eng d | ||
| 020 | _a9789715426282 | ||
| 050 |
_aPR 9550.6 _b.T562 2010 |
||
| 082 |
_aFIL 899.2101 _bT562c 2010 |
||
| 245 |
_aCommend contend _cTiempo, Edith L. _bBeyond, extensions |
||
| 260 |
_aQuezon City _bUniversity of the Philippines Press _cc2010 |
||
| 300 |
_axv, 95 p. _c23 cm. |
||
| 521 | _acollege students | ||
| 526 | _c1210L-1700L | ||
| 541 | _j1 | ||
| 562 | _e1 | ||
| 942 |
_2lcc _cBK _kFIL |
||
| 999 |
_c17367 _d17367 |
||